Physiological foundations of neurology and psychiatry (Record no. 153905)
[ view plain ]
| 000 -LEADER | |
|---|---|
| fixed length control field | 01478nam a2200325 a 4500 |
| 082 04 - DEWEY DECIMAL CLASSIFICATION NUMBER | |
| Classification number | 612.8 |
| 100 1# - MAIN ENTRY--AUTHOR NAME | |
| Personal name | Gellhorn, Ernst, |
| 245 10 - TITLE STATEMENT | |
| Title | Physiological foundations of neurology and psychiatry |
| 260 ## - PUBLICATION, DISTRIBUTION, ETC. (IMPRINT) | |
| Place of publication | Minneapolis : |
| Name of publisher | Univ. of Minnesota Press, |
| Year of publication | [c1953] |
| 300 ## - PHYSICAL DESCRIPTION | |
| Number of Pages | xiii, 556 p. : |
| Other physical details | ill. |
| 505 0# - FORMATTED CONTENTS NOTE | |
| Formatted contents note | pt. 1. Intrinsic and extrinsic factors regulating neuronal activity -- pt. 2. Contributions to the physiology and pathology of movements -- pt. 3. The physiological basis of consciousness -- pt. 4. Some aspects of autonomic physiology -- pt. 5. Integrations -- pt. 6. Applications. |
| 650 #0 - SUBJECT ADDED ENTRY--TOPICAL TERM | |
| Topical Term | Nervous system. |
| 856 40 - ELECTRONIC LOCATION AND ACCESS | |
| Uniform Resource Identifier | http://site.ebrary.com/lib/rucke/Doc?id=10231308 |
No items available.
